| 000 | 00537cam a22001694a 4500 | ||
|---|---|---|---|
| 020 | _a09780-0333792378 (pbk.) | ||
| 082 | 0 | 0 |
_a624.1771 _bMCK _cN-02 , P-68 |
| 100 | 1 |
_aMcKenzie, W. M. C. _936373 |
|
| 245 | 1 | 0 |
_aDesign of structural masonry / _cW.M.C. McKenzie. |
| 260 |
_aBasingstoke, Hampshire ; _aNew York, N.Y. : _bPalgrave, _c2001. |
||
| 300 |
_avii, 267 p. : _bill. ; _c25 cm. |
||
| 526 |
_a0 _b0 _c0 _d624_177100000000000_MCK |
||
| 650 | 0 |
_aMasonry. _936353 |
|
| 650 | 0 |
_aNUST _96342 |
|
| 650 | 0 | _aStructural design. | |
| 942 |
_2ddc _cBK |
||
| 999 |
_c541465 _d541465 |
||